Los negros en Estados Unidos / (Record no. 64386)

MARC details
000 -LEADER
campo de control de longitud fija 00532nam a2200181 i 4500
001 - NÚMERO DE CONTROL
campo de control 64386
003 - IDENTIFICADOR DE NÚMERO DE CONTROL
campo de control ES-MaACL
005 - FECHA Y HORA DE LA ÚLTIMA TRANSACCIÓN
campo de control 20230906165122.0
007 - CAMPO FIJO DE DESCRIPCIÓN FÍSICA--INFORMACIÓN GENERAL
campo de control de longitud fija t|
008 - DATOS DE LONGITUD FIJA--INFORMACIÓN GENERAL
campo de control de longitud fija 031224s1973 sp ||||1| spa d
100 1# - ENTRADA PRINCIPAL--NOMBRE DE PERSONA
Nombre de persona Fohlen, Claude.
9 (RLIN) 51419
245 14 - MENCIÓN DEL TÍTULO
Título Los negros en Estados Unidos /
Mención de responsabilidad, etc. Claude Fohlen ; [traducción de Jordi García Jacas].
250 ## - MENCION DE EDICION
Mención de edición [1ª ed.].
260 ## - PUBLICACIÓN, DISTRIBUCIÓN, ETC.
Lugar de publicación, distribución, etc. Barcelona :
Nombre del editor, distribuidor, etc. Oikos-Tau,
Fecha de publicación, distribución, etc. [1973]
300 ## - DESCRIPCIÓN FÍSICA
Extensión 168 p. ;
Dimensiones 18 cm.
700 1# - ENTRADA AGREGADA--NOMBRE PERSONAL
Nombre de persona Garcia-Jacas, Jordi (
Fechas asociadas al nombre 1954-)
9 (RLIN) 155167
852 ## - LOCALIZACIÓN
Ubicación ES-MaACL
Número de control de estantería C-54592
Holdings
Estatus retirado Estado de pérdida Estado de daño No para préstamo Biblioteca de origen Biblioteca actual Ubicación en estantería Fecha de adquisición Fuente de adquisición Total de préstamos Signatura topográfica completa Código de barras Visto por última vez Precio de reemplazo Tipo de ítem Koha
        Biblioteca del Ateneo de Madrid Biblioteca del Ateneo de Madrid Depósito 2 17/01/2008     C-54592 1067469 23/02/2023 23/02/2023 Libro impreso